[Event "COL Intercollegiate-ch U14"]
[Site "Paipa"]
[Date "2019.12.12"]
[Round "3"]
[White "Forero Pacheco, Andres Alonso"]
[Black "Munoz Perez, Julian Alejandro"]
[Result "1-0"]
[WhiteElo "1432"]
[BlackElo "1518"]
[PlyCount "51"]
[EventDate "2019.12.11"]
[EventType "swiss"]
[EventRounds "7"]
[EventCountry "COL"]
[SourceTitle "CBM 193 Extra"]
[Source "ChessBase"]
[SourceDate "2020.01.31"]
[SourceVersion "1"]
[SourceVersionDate "2020.01.31"]
[SourceQuality "1"]

1. e4 c5 2. Nc3 d6 3. f4 Nc6 4. Nf3 Bg4 5. Bb5 e6 6. h3 Bxf3 7. Qxf3 Nge7 8. 0-0 a6 9. Bxc6+ Nxc6 10. d3 Be7 11. Be3 Bf6 12. Rad1 Qb6 13. Na4 Qa5 14. b3 b5 15. e5 Kd7 16. Nxc5+ dxc5 17. exf6 Qc3 18. d4 cxd4 19. Bxd4 Qxf3 20. Rxf3 g6 21. Be5+ Kc8 22. Rc3 Kb7 23. Rd7+ Kb6 24. Bc7+ Kb7 25. Ba5+ Kc8 26. Rc7+ 1-0